Disney, Nickelodeon, Cartoon Network - Statistics

General Stats
  • This quiz has been taken 825 times
    805 since last reset
  • The average score is 12 of 15
Answer Stats
Question Answer % Correct
Spongebob Nick
97%
Teen Titans Cartoon Network
91%
Regular Show Cartoon Network
87%
Wizards of Waverly Place Disney
87%
ICarly Nick
87%
That's so Raven Disney
86%
Phineas and Ferb Disney
84%
The Suite Life of Zack & Cody Disney
81%
The Fairly OddParents Nick
81%
Ed Edd n Eddy Cartoon Network
80%
Rugrats Nick
80%
Kim Possible Disney
78%
Drake and Josh Nick
78%
The Grim Adventures of Billy & Mandy Cartoon Network
75%
Codename: Kids Next Door Cartoon Network
66%
No matching quizzes found
Score Distribution
Percent of People with Each Score
Percentile by Number Answered
Your Score History
You have not taken this quiz since the last reset